000 00509cac a22001691u 4500
008 081218s1966 ii |||||r|||| 00| 0 eng d
010 _asa 67000507
020 _a8121911001
082 0 0 _a657
_bSHU
_222
100 _aShukla, M. C.
_933343
245 1 0 _aAdvanced accounts
_cby M. C. Shukla and T. S. Grewal.
250 _a5th rev. and enl. ed.
260 _aDelhi :
_bS. Chand,
_c1966.
300 _a vii, 688, 549 p.:
_b forms;
_c25 cm.
650 0 _aAccounting.
_933344
942 _cBB
_k657SHU
_2ddc
999 _c340
_d340